[Event "BELFORT YWCC BU18"]
[Site "Belfort (FRA)"]
[Date "2005.07.19"]
[EventDate "2005.??.??"]
[Round "1.15"]
[Result "1-0"]
[White "Gawain Jones"]
[Black "Marc Fischer"]
[WhiteElo "2442"]
[BlackElo "2136"]
[PlyCount "79"]

1. e4 e6 2. d3 c5 3. Nf3 Nc6 4. g3 g6 5. Bg5 f6 6. Be3 Nge7
7. Nc3 d6 8. d4 cxd4 9. Nxd4 Bd7 10. Ncb5 Nc8 11. Bc4 a6
12. Nc3 Qe7 13. a4 Bg7 14. h4 N8a7 15. h5 Nxd4 16. Bxd4 Nc6
17. h6 Bf8 18. Be3 Ne5 19. Bb3 Bc6 20. Qe2 Nf7 21. O-O-O O-O-O
22. Qc4 Re8 23. Nd5 exd5 24. exd5 Ne5 25. Qc3 Qc7 26. dxc6
Qxc6 27. Qd4 Be7 28. Be6+ Kc7 29. Bd5 Qd7 30. Qb6+ Kc8 31. Rh4
Bd8 32. Qa7 Nc6 33. Rc4 Qc7 34. Bxc6 bxc6 35. Qxa6+ Kd7
36. Rb4 Ke6 37. Bf4 Be7 38. Rb7 Qc8 39. Re1+ Kf7 40. Bxd6 1-0

[Event "BELFORT YWCC BU18"]
[Site "Belfort (FRA)"]
[Date "2005.??.??"]
[EventDate "?"]
[Round "9.13"]
[Result "0-1"]
[White "Dorian Vicol"]
[Black "Gawain Jones"]
[WhiteElo "2273"]
[BlackElo "2442"]
[PlyCount "42"]

1. e4 c5 2. g3 Nc6 3. Bg2 g6 4. d3 Bg7 5. f4 e6 6. Nf3 d5
7. e5 Nge7 8. Be3 Nf5 9. Bf2 h5 10. c3 b6 11. O-O a5 12. h3
Bb7 13. a4 Qe7 14. Na3 g5 15. Nb5 gxf4 16. gxf4 Bh6 17. Qd2
Rg8 18. h4 Nxe5 19. Nxe5 d4 20. Be1 Rxg2+ 21. Qxg2 Bxg2 0-1

[Event "BELFORT YWCC BU18"]
[Site "Belfort (FRA)"]
[Date "2005.??.??"]
[EventDate "?"]
[Round "10.8"]
[Result "1-0"]
[White "Daniel Alsina Leal"]
[Black "Gawain Jones"]
[WhiteElo "2322"]
[BlackElo "2442"]
[PlyCount "183"]

1. e4 c5 2. Nf3 d6 3. d4 cxd4 4. Nxd4 Nf6 5. Nc3 g6 6. Be3 Bg7
7. f3 O-O 8. Qd2 Nc6 9. O-O-O Nxd4 10. Bxd4 Be6 11. Kb1 Qc7
12. h4 Rfc8 13. h5 Qa5 14. hxg6 hxg6 15. a3 a6 16. Bd3 Bc4
17. Rh3 b5 18. Rdh1 e5 19. Be3 Be6 20. g4 Rxc3 21. Qxc3 Qxc3
22. bxc3 Rc8 23. Kb2 d5 24. g5 Ne8 25. R3h2 Nd6 26. Rd1 d4
27. cxd4 exd4 28. Bc1 Nc4+ 29. Kb1 Ne3 30. Re1 Be5 31. Rxe3
Bxh2 32. Re2 Bd6 33. f4 Rc3 34. f5 Bc4 35. Bxc4 bxc4 36. Rd2
Be5 37. Bb2 Re3 38. Bxd4 Re1+ 39. Kb2 Bf4 40. Rg2 Rxe4 41. Kc3
gxf5 42. Kxc4 Bc1 43. Kd5 Bxa3 44. Rh2 Kf8 45. c4 Re6 46. c5
Ke8 47. Bf6 f4 48. Rh8+ Kd7 49. Rf8 Bxc5 50. Kxc5 f3 51. Rd8+
Kc7 52. Rd3 Rc6+ 53. Kd4 Rd6+ 54. Ke3 f2 55. Rc3+ Kd7 56. Kxf2
Ke6 57. Rc5 Rd2+ 58. Ke3 Ra2 59. Rc7 Ra4 60. Re7+ Kf5 61. Rxf7
Kg6 62. Ra7 Kf5 63. Kd3 Kg6 64. Kc3 Kf5 65. Kb3 Ra5 66. Kb4
Ra2 67. Kc5 Ra3 68. Kb6 Rb3+ 69. Kxa6 Rb1 70. Rb7 Rc1 71. Rb5+
Kg6 72. Kb6 Rc2 73. Rc5 Rd2 74. Kc6 Rd1 75. Rd5 Re1 76. Rd3
Re2 77. Kd5 Kf5 78. Rf3+ Kg6 79. Kd4 Re1 80. Re3 Ra1 81. Ke4
Ra4+ 82. Kf3 Kf5 83. Re5+ Kg6 84. Re4 Ra3+ 85. Kg4 Ra2 86. Be5
Ra6 87. Rd4 Ra8 88. Rd6+ Kf7 89. Kf5 Ra2 90. Rd7+ Ke8 91. Rb7
Ra6 92. g6 1-0

[Event "BELFORT YWCC BU18"]
[Site "Belfort (FRA)"]
[Date "2005.07.21"]
[EventDate "?"]
[Round "3.8"]
[Result "1-0"]
[White "Gawain Jones"]
[Black "Filip Pancevski"]
[WhiteElo "2442"]
[BlackElo "2319"]
[PlyCount "97"]

1. d4 Nf6 2. c4 g6 3. Nc3 d6 4. e4 Bg7 5. f3 O-O 6. Be3 c5
7. d5 e6 8. Nge2 exd5 9. cxd5 a6 10. a4 Nbd7 11. Ng3 Ne5
12. Be2 h5 13. O-O h4 14. Nh1 Nh7 15. Nf2 f5 16. exf5 gxf5
17. Qd2 Qf6 18. Nh3 Ng6 19. Nf4 Nxf4 20. Bxf4 Bd7 21. a5 Rfe8
22. Rfe1 Nf8 23. Bg5 Qd4+ 24. Qxd4 Bxd4+ 25. Kf1 Ng6 26. f4
Kg7 27. Bh5 Be3 28. Re2 Bd4 29. Bxg6 Kxg6 30. Re7 Rxe7
31. Bxe7 Bxc3 32. bxc3 Bb5+ 33. Kg1 h3 34. Bxd6 Rd8 35. Bxc5
Rxd5 36. Bd4 hxg2 37. Kxg2 Bc6 38. Kh3 Rb5 39. Be5 Be4 40. Kh4
Bb1 41. Ra4 Be4 42. h3 Rb1 43. Rd4 Bc6 44. Rd6+ Kh7 45. Kg5
Be4 46. Rh6+ Kg8 47. Kf6 Rb5 48. Ke6 Bd5+ 49. Ke7 1-0

[Event "Smith & Williamson British Championships"]
[Site "Douglas IOM"]
[Date "2005.08.01"]
[EventDate "2005.08.02"]
[Round "1"]
[Result "0-1"]
[White "Martin Mitchell"]
[Black "Gawain Jones"]
[WhiteElo "2172"]
[BlackElo "2442"]
[PlyCount "86"]

1. d4 Nf6 2. c4 c5 3. d5 b5 4. cxb5 a6 5. f3 axb5 6. e4 Qa5+
7. Bd2 b4 8. Bf4 d6 9. Nd2 Nbd7 10. Bd3 Ba6 11. Bxa6 Qxa6
12. Qe2 g6 13. Nc4 Bg7 14. Qc2 O-O 15. Ne2 b3 16. Qxb3 Rfb8
17. Qc2 Rb4 18. Rc1 Qxa2 19. Bd2 Rbb8 20. O-O Ne8 21. Bf4 Bxb2
22. Rb1 Bf6 23. Qd3 Rb4 24. Rfc1 Rab8 25. Rxb4 cxb4 26. Be3 b3
27. Rb1 b2 28. Nd2 Ne5 29. Qc2 Qa6 30. Nd4 Qd3 31. Qxd3 Nxd3
32. Kf1 Rb4 33. Nc6 Ra4 34. Ke2 Nb4 35. Nb3 Nxc6 36. dxc6 Rc4
37. Na5 Ra4 38. Nb3 Nc7 39. Bb6 Na8 40. Ba5 Ra3 41. c7 Nxc7
42. Bxc7 Rxb3 43. f4 Bd4 0-1

[Event "Smith & Williamson British Championships"]
[Site "Douglas IOM"]
[Date "2005.08.02"]
[EventDate "2005.08.02"]
[Round "2"]
[Result "1-0"]
[White "Gawain Jones"]
[Black "Alex Therrien"]
[WhiteElo "2442"]
[BlackElo "2294"]
[PlyCount "91"]

1. d4 Nf6 2. c4 e6 3. Nc3 Bb4 4. Qc2 O-O 5. a3 Bxc3+ 6. Qxc3
d6 7. Bg5 Nbd7 8. e3 b6 9. Bd3 c5 10. Ne2 Ba6 11. Qc2 h6
12. Bh4 Rc8 13. Qa4 cxd4 14. Bxf6 gxf6 15. exd4 Bb7 16. Qb4
Qe7 17. Qd2 Kg7 18. Ng3 Rh8 19. O-O Rcg8 20. Rfe1 Kf8 21. d5
Ne5 22. f4 Nxd3 23. Qxd3 h5 24. Re2 e5 25. a4 Bc8 26. a5 Qc7
27. fxe5 fxe5 28. axb6 Qxb6+ 29. Qe3 Qxe3+ 30. Rxe3 a6 31. Rf3
Rg4 32. Raf1 Rh7 33. b3 h4 34. Nh5 Rg6 35. Nf6 Rhg7 36. R1f2
Ke7 37. Kf1 Rg5 38. c5 dxc5 39. d6+ Kd8 40. Ne4 Rg4 41. Nxc5
f5 42. Rxf5 Bxf5 43. Rxf5 Rg8 44. Rxe5 Rf4+ 45. Kg1 Re8
46. Rxe8+ 1-0

[Event "Smith & Williamson British Championships"]
[Site "Douglas IOM"]
[Date "2005.08.03"]
[EventDate "2005.08.02"]
[Round "3"]
[Result "1/2-1/2"]
[White "Gawain Jones"]
[Black "Timothy Woodward"]
[WhiteElo "2442"]
[BlackElo "2313"]
[PlyCount "68"]

1. e4 c6 2. c4 d5 3. cxd5 cxd5 4. exd5 Nf6 5. Qa4+ Nbd7 6. Nc3
g6 7. Nf3 Bg7 8. Bc4 a6 9. d3 O-O 10. Qa3 b6 11. O-O Bb7
12. Re1 Re8 13. Ng5 h6 14. Nge4 Ne5 15. Bf4 Nh5 16. Bxe5 Bxe5
17. d6 Bxd6 18. Nxd6 Qxd6 19. Qxd6 exd6 20. Bd5 Bxd5 21. Nxd5
Kg7 22. Nxb6 Rxe1+ 23. Rxe1 Rb8 24. Na4 Nf4 25. Rd1 Nd5 26. g3
Rc8 27. Rd2 Rc1+ 28. Kg2 f5 29. d4 Kf7 30. Rd3 Rc2 31. a3 Ke6
32. Kf1 Rc4 33. b3 Rc2 34. b4 Ra2 1/2-1/2

[Event "Smith & Williamson British Championships"]
[Site "Douglas IOM"]
[Date "2005.08.05"]
[EventDate "2005.08.02"]
[Round "5"]
[Result "1-0"]
[White "Jonathan Rowson"]
[Black "Gawain Jones"]
[WhiteElo "2599"]
[BlackElo "2442"]
[PlyCount "105"]

1. d4 Nf6 2. c4 e6 3. Nf3 b6 4. a3 Ba6 5. Qc2 c6 6. e4 d5
7. Nbd2 dxe4 8. Nxe4 Nbd7 9. Bd3 Be7 10. O-O Bb7 11. Rd1 Qc7
12. b4 c5 13. dxc5 bxc5 14. b5 Ne5 15. Nxe5 Qxe5 16. Bb2 Qf4
17. Qd2 Qh4 18. Nxf6+ gxf6 19. Bf1 Rd8 20. Qe3 Rg8 21. g3 Qg4
22. Be2 Qf5 23. Rd3 e5 24. Rxd8+ Bxd8 25. Rd1 Bc7 26. a4 Rg4
27. Ba3 Rd4 28. Bxc5 Rxd1+ 29. Bxd1 Qb1 30. Qe2 Be4 31. Qf1
Bb6 32. Bxb6 axb6 33. Be2 Qb4 34. Qd1 Ke7 35. Kf1 Qc3 36. f3
Bb7 37. Kf2 Qb4 38. Qd3 Qc5+ 39. Qe3 Kd6 40. Bd3 h6 41. Be4
Bc8 42. Bd5 Bf5 43. g4 Bc2 44. a5 bxa5 45. b6 Qb4 46. Kg2 Bb3
47. b7 Bxc4 48. Bxc4 Qxb7 49. Qa3+ Qb4 50. Qxb4+ axb4 51. Bxf7
Kc5 52. Kf2 Kd4 53. Bg6 1-0

[Event "Smith & Williamson British Championships"]
[Site "Douglas IOM"]
[Date "2005.08.06"]
[EventDate "2005.08.02"]
[Round "6"]
[Result "1-0"]
[White "Gawain Jones"]
[Black "Stephen Jessel"]
[WhiteElo "2442"]
[BlackElo "2285"]
[PlyCount "141"]

1. e4 e6 2. d4 d5 3. Nd2 Nf6 4. e5 Nfd7 5. Bd3 c5 6. c3 Nc6
7. Ngf3 g6 8. h4 h6 9. O-O g5 10. h5 Qb6 11. dxc5 Nxc5 12. Nb3
Nxd3 13. Qxd3 Bg7 14. Re1 Qc7 15. Nbd4 Nxe5 16. Nxe5 Bxe5
17. Qe3 Bh2+ 18. Kh1 Bf4 19. Nb5 Qc4 20. Qxf4 gxf4 21. Nd6+
Kf8 22. Nxc4 dxc4 23. Bxf4 Bd7 24. Rad1 Bc6 25. Rd4 Bd5
26. Bd6+ Kg7 27. Be5+ f6 28. Rg4+ Kh7 29. Bxf6 Rhg8 30. Rxg8
Rxg8 31. f3 a6 32. Bd4 Rg5 33. Re5 Bc6 34. Kh2 Rf5 35. Kg1 Kg8
36. Kf2 Kf7 37. Ke3 Rxe5+ 38. Bxe5 Kg8 39. Kd4 Bd5 40. a4 Kh7
41. a5 Kg8 42. Bd6 Kf7 43. Bf4 Kg7 44. Ke5 Bc6 45. Kxe6 Be8
46. Kd6 Bxh5 47. Kc7 Be8 48. Kxb7 Bb5 49. g4 Kg6 50. Kb6 h5
51. gxh5+ Kxh5 52. Kc5 Kg6 53. Bc7 Kf5 54. Kd5 Kf6 55. f4 Ke7
56. Be5 Kf7 57. Kd6 Ba4 58. Bd4 Bb5 59. f5 Ba4 60. f6 Ke8
61. Kd5 Bb5 62. b3 Kd7 63. bxc4 Ba4 64. Bc5 Ke8 65. Ke6 Bd7+
66. Kd6 Ba4 67. Bd4 Bb3 68. c5 Bd1 69. c6 Bg4 70. c7 Bc8
71. Kc6 1-0

[Event "Smith & Williamson British Championships"]
[Site "Douglas IOM"]
[Date "2005.08.08"]
[EventDate "2005.08.02"]
[Round "7"]
[Result "1/2-1/2"]
[White "Gawain Jones"]
[Black "Graham Morrison"]
[WhiteElo "2442"]
[BlackElo "2322"]
[PlyCount "95"]

1. e4 c5 2. Nf3 e6 3. d4 cxd4 4. Nxd4 Nf6 5. Nc3 d6 6. g4 h6
7. h4 Nc6 8. Be3 Be7 9. Rg1 h5 10. gxh5 Nxh5 11. Bg5 Nf6
12. Qd2 a6 13. O-O-O Bd7 14. f3 Rc8 15. Kb1 Nxd4 16. Qxd4 d5
17. e5 Bc5 18. exf6 Bxd4 19. fxg7 Bxg7 20. Bxd8 Bxc3 21. Bg5
f6 22. Be3 Bb4 23. Rh1 Bf8 24. f4 f5 25. Be2 Be7 26. Bd4 Rh6
27. Rdg1 Bf6 28. Bxf6 Rxf6 29. Rg7 Rh6 30. h5 Rc7 31. Rhg1 Kd8
32. R7g6 Rh7 33. h6 Rc8 34. b3 Kc7 35. c4 Rch8 36. Rh1 Bc6
37. Rh3 Kd6 38. cxd5 Bxd5 39. Kb2 Ke7 40. a4 Kf7 41. Bh5 Ke7
42. Bf3 Kf7 43. Bh5 Ke7 44. Rg7+ Rxg7 45. hxg7 Rg8 46. Rg3 Kf6
47. Rg6+ Kf7 48. Rg3+ 1/2-1/2

[Event "Smith & Williamson British Championships"]
[Site "Douglas IOM"]
[Date "2005.08.09"]
[EventDate "2005.08.02"]
[Round "8"]
[Result "0-1"]
[White "Peter John Sowray"]
[Black "Gawain Jones"]
[WhiteElo "2364"]
[BlackElo "2442"]
[PlyCount "76"]

1. e4 c5 2. Nf3 g6 3. d4 cxd4 4. Nxd4 Bg7 5. Nc3 Nc6 6. Be3
Nf6 7. Nb3 d6 8. Be2 O-O 9. O-O Be6 10. f4 Qc8 11. Kh1 Rd8
12. Bf3 Bc4 13. Rf2 b5 14. Rd2 e5 15. Rxd6 Qc7 16. fxe5 Nxe5
17. Rxd8+ Rxd8 18. Qg1 b4 19. Na4 Nxf3 20. gxf3 Be2 21. Qf2
Qxc2 22. Rc1 Rd1+ 23. Rxd1 Qxd1+ 24. Kg2 Nd7 25. Nac5 Nxc5
26. Bxc5 Bxb2 27. Bxb4 Bf6 28. Nd2 h5 29. Qc5 Bg7 30. Qxa7 h4
31. Qe7 Bf1+ 32. Nxf1 Qe2+ 33. Kh3 Qxf1+ 34. Kxh4 Qxf3 35. e5
Bh6 36. Qd8+ Kh7 37. Be7 Be3 38. Qd7 g5+ 0-1

[Event "Smith & Williamson British Championships"]
[Site "Douglas IOM"]
[Date "2005.08.11"]
[EventDate "2005.08.02"]
[Round "10"]
[Result "0-1"]
[White "Gawain Jones"]
[Black "Paul E Littlewood"]
[WhiteElo "2442"]
[BlackElo "2355"]
[PlyCount "134"]

1. e4 c5 2. Nf3 d6 3. d4 cxd4 4. Nxd4 Nf6 5. f3 Nc6 6. c4 e6
7. Be3 d5 8. cxd5 exd5 9. Bb5 Bd7 10. Bxc6 bxc6 11. e5 Bb4+
12. Kf2 Ng8 13. a3 Ba5 14. b4 Bb6 15. Nc3 Ne7 16. Na4 O-O
17. Rc1 Nf5 18. Nxf5 Bxf5 19. Nxb6 axb6 20. Rxc6 Rxa3 21. Qd4
Rd3 22. Qf4 d4 23. Bc1 Be6 24. Rd6 Qc7 25. Rxd4 Rxd4 26. Qxd4
Rd8 27. Qe4 Bd5 28. Qf4 Qc2+ 29. Kg3 Rc8 30. h4 h6 31. Qd4 Be6
32. h5 b5 33. Be3 Rc4 34. Qd6 Qc3 35. Bd2 Qb2 36. Re1 Rd4
37. Qb8+ Kh7 38. Be3 Rd5 39. Bc5 Rd2 40. Qxb5 Rxg2+ 41. Kf4
Qc2 42. Re4 Rh2 43. Qf1 Qd2+ 44. Kg3 Rh3+ 45. Qxh3 Bxh3
46. Kxh3 Qg5 47. Bd6 Qxh5+ 48. Kg2 Qg5+ 49. Kf2 Qd2+ 50. Re2
Qd4+ 51. Kg2 Qd3 52. Rb2 Qc3 53. Re2 Qb3 54. Kf2 g5 55. Re3
Qb2+ 56. Re2 Qd4+ 57. Kg2 Qd3 58. Kf2 Qb3 59. Re3 Qd5 60. Re1
Kg6 61. Be7 Kf5 62. Re4 h5 63. Bf6 Qd3 64. e6 Kxf6 65. e7 Qxe4
66. fxe4 Kxe7 67. Kf3 Kd6 0-1

[Event "Smith & Williamson British Championships"]
[Site "Douglas IOM"]
[Date "2005.08.12"]
[EventDate "2005.08.02"]
[Round "11"]
[Result "1/2-1/2"]
[White "Gawain Jones"]
[Black "Michael J R White"]
[WhiteElo "2442"]
[BlackElo "2200"]
[PlyCount "83"]

1. d4 Nf6 2. c4 g6 3. Nc3 Bg7 4. e4 d6 5. f3 O-O 6. Nge2 c5
7. d5 e6 8. Ng3 exd5 9. cxd5 a6 10. a4 Nh5 11. Nxh5 gxh5
12. Bd3 f5 13. exf5 Qh4+ 14. g3 Qh3 15. Ne2 Qg2 16. Rf1 Bxf5
17. Bxf5 Rxf5 18. Qd3 Rf7 19. Bf4 Nd7 20. Rg1 Qxh2 21. Kd2 Re8
22. Rh1 Qf2 23. Rxh5 Bxb2 24. Re1 c4 25. Qxc4 b5 26. Rg5+ Kh8
27. axb5 axb5 28. Qc2 Bf6 29. Rh5 Rfe7 30. Kd1 b4 31. Bxd6 Bc3
32. Rhh1 Qd4+ 33. Kc1 Qe3+ 34. Kb1 b3 35. Qxc3+ Qxc3 36. Nxc3
Rxe1+ 37. Rxe1 Rxe1+ 38. Kb2 Re3 39. Kxb3 Rxf3 40. Kc4 Kg7
41. Ne4 Rf1 42. Bf4 1/2-1/2

[Event "European Union Championship"]
[Site "Cork IRL"]
[Date "2005.03.25"]
[EventDate "2005.03.22"]
[Round "4"]
[Result "1-0"]
[White "Zoltan Gyimesi"]
[Black "Gawain Jones"]
[WhiteElo "2602"]
[BlackElo "2453"]
[PlyCount "55"]

1. d4 Nf6 2. c4 c5 3. d5 b5 4. cxb5 a6 5. e3 g6 6. Nc3 Bg7
7. a4 O-O 8. e4 Qa5 9. Bd2 Qb4 10. Bd3 c4 11. Bc2 d6 12. Nge2
axb5 13. axb5 Rxa1 14. Qxa1 Qc5 15. Be3 Qc7 16. b6 Qb7 17. f3
Na6 18. Qa5 Bd7 19. O-O Ra8 20. Ra1 Nc7 21. Qa7 Bc8 22. Kf2
Rxa7 23. Rxa7 Qb8 24. bxc7 Qxb2 25. Na4 Ng4+ 26. fxg4 Qf6+
27. Ke1 Qa1+ 28. Bd1 1-0

[Event "British Championship"]
[Site "Swansea WLS"]
[Date "2006.08.07"]
[EventDate "2006.08.07"]
[Round "1"]
[Result "0-1"]
[White "Stephen P Dilleigh"]
[Black "Gawain Jones"]
[WhiteElo "2134"]
[BlackElo "2416"]
[PlyCount "120"]

1. d4 e6 2. c4 f5 3. g3 Nf6 4. Bg2 Be7 5. Nf3 d6 6. O-O O-O
7. b3 Ne4 8. Bb2 Bf6 9. Qc2 Nc6 10. Rd1 Qe8 11. Nbd2 Nxd2
12. Qxd2 e5 13. dxe5 dxe5 14. Ne1 f4 15. Bd5+ Kh8 16. Ba3 Be7
17. c5 Bg4 18. f3 Bf5 19. e4 fxe3 20. Qxe3 Rd8 21. Be4 Qg6
22. Bxf5 Qxf5 23. Kg2 Nd4 24. Qe4 Qxe4 25. fxe4 b6 26. Rac1
Nb5 27. Bb2 Bxc5 28. Rxd8 Rxd8 29. Nf3 Be3 30. Re1 Bd4
31. Nxe5 Bxe5 32. Bxe5 Rd2+ 33. Kh3 Kg8 34. a4 Nd6 35. Bf4 Rd3
36. e5 Ne8 37. Kg4 Kf7 38. Kf5 g6+ 39. Kg5 Kg7 40. Re3 Rxe3
41. Bxe3 c5 42. a5 Nc7 43. axb6 axb6 44. Kg4 Kf7 45. Kf3 Ke6
46. Ke4 Nd5 47. Bg5 b5 48. Bd2 Nb6 49. Be3 Nd7 50. g4 b4
51. h3 c4 52. bxc4 b3 53. Bc1 Nc5+ 54. Kd4 Na4 55. c5 b2
56. Bxb2 Nxb2 57. c6 Na4 58. h4 h6 59. Kc4 Kxe5 60. Kb5 Nc3+
0-1

[Event "British Championship"]
[Site "Swansea WLS"]
[Date "2006.08.08"]
[EventDate "2006.08.07"]
[Round "2"]
[Result "1-0"]
[White "Gawain Jones"]
[Black "David Ledger"]
[WhiteElo "2416"]
[BlackElo "2274"]
[PlyCount "89"]

1. d4 f5 2. Nc3 Nf6 3. Bg5 Ne4 4. Nxe4 fxe4 5. d5 c6 6. c4 Qb6
7. Qc2 Na6 8. Be3 Qb4+ 9. Bd2 Qb6 10. e3 cxd5 11. cxd5 Qg6
12. Nh3 b6 13. Nf4 Qf5 14. f3 e5 15. dxe6 Nc5 16. exd7+ Bxd7
17. b4 Na4 18. Qxe4+ Qxe4 19. fxe4 Bd6 20. Bc4 Rc8 21. Bd5 Nc3
22. a3 Nxd5 23. exd5 Bxf4 24. exf4 Bb5 25. Rc1 Rxc1+ 26. Bxc1
Kd7 27. Bb2 Rc8 28. Kd2 Bc4 29. Ke3 g6 30. Rd1 Bb3 31. Rd3 Bc4
32. Rd2 Bb3 33. Ke4 Rc2 34. Rxc2 Bxc2+ 35. Ke5 Bb3 36. g4 Bd1
37. g5 Bc2 38. d6 Bf5 39. h4 Bg4 40. Bd4 Bd1 41. Bf2 Bg4
42. Bg3 b5 43. Bf2 a6 44. Bc5 Bf5 45. Kf6 1-0

[Event "British Championship"]
[Site "Swansea WLS"]
[Date "2006.08.12"]
[EventDate "2006.08.07"]
[Round "6"]
[Result "1-0"]
[White "Jonathan F Parker"]
[Black "Gawain Jones"]
[WhiteElo "2509"]
[BlackElo "2416"]
[PlyCount "185"]

1. d4 e6 2. c4 f5 3. g3 Nf6 4. Bg2 Be7 5. Nf3 d6 6. O-O O-O
7. Nc3 Ne4 8. Nxe4 fxe4 9. Nd2 d5 10. f3 exf3 11. Nxf3 c5
12. Be3 cxd4 13. Nxd4 Rxf1+ 14. Qxf1 Nc6 15. cxd5 exd5 16. Qf3
Nxd4 17. Bxd4 Be6 18. Qe3 Bf7 19. Rf1 Qd6 20. a3 Bd8 21. Qf2
Bf6 22. Bxf6 gxf6 23. Qxf6 Qxf6 24. Rxf6 Rc8 25. Kf2 Rc5
26. b4 Rc7 27. Rd6 Kf8 28. Rd8+ Ke7 29. Rh8 h5 30. Bf3 Kf6
31. Rh6+ Kg5 32. Rd6 Kf5 33. h4 b5 34. Rd8 Ke5 35. Rb8 a6
36. Rb6 d4 37. Rxa6 Rc2 38. Ke1 Rc1+ 39. Kf2 Rc2 40. Ke1 Rc1+
41. Kd2 Ra1 42. Rc6 Bc4 43. Rc5+ Kd6 44. Rxh5 Ra2+ 45. Ke1
Ra1+ 46. Kd2 Ra2+ 47. Kd1 Ra1+ 48. Kc2 Ra2+ 49. Kc1 Ra1+
50. Kc2 Ra2+ 51. Kb1 Rxa3 52. Rg5 d3 53. exd3 Rxd3 54. Be4
Rb3+ 55. Kc1 Rxb4 56. h5 Be6 57. Bd3 Ke7 58. h6 Rd4 59. h7 Rd8
60. Rg7+ Bf7 61. Bxb5 Kf6 62. Rg4 Be6 63. Rh4 Kg7 64. Bd3 Kh8
65. Kc2 Bc8 66. Rf4 Re8 67. Kd2 Bd7 68. g4 Bxg4 69. Rxg4 Rf8
70. Rd4 Re8 71. Be4 Rb8 72. Ke3 Rf8 73. Rd5 Re8 74. Kf4 Kg7
75. Rd7+ Kh8 76. Rd1 Kg7 77. Bf5 Kh8 78. Kg5 Rf8 79. Re1 Rb8
80. Be6 Rb7 81. Kf6 Rg7 82. Bf5 Rf7+ 83. Ke6 Rf6+ 84. Ke5 Rf7
85. Rg1 Rf8 86. Rg2 Rb8 87. Be6 Rb7 88. Rg8+ Kxh7 89. Kf6 Rb2
90. Rg1 Rf2+ 91. Bf5+ Kh8 92. Rh1+ Kg8 93. Rb1 1-0

[Event "British Championship"]
[Site "Swansea WLS"]
[Date "2006.08.09"]
[EventDate "2006.08.07"]
[Round "3"]
[Result "1/2-1/2"]
[White "Simon Kim Williams"]
[Black "Gawain Jones"]
[WhiteElo "2473"]
[BlackElo "2416"]
[PlyCount "82"]

1. d4 d5 2. c4 Nc6 3. Nf3 Bg4 4. Nc3 e6 5. e3 Nf6 6. h3 Bh5
7. cxd5 Bxf3 8. Qxf3 exd5 9. Bd2 Bb4 10. Bd3 O-O 11. O-O Qe7
12. Rfd1 Rfd8 13. Rab1 Rab8 14. a3 Bxc3 15. Bxc3 Ne4 16. Be1
Re8 17. Rbc1 Qd6 18. Rc2 Re6 19. Rdc1 Rbe8 20. Qd1 Ng5 21. Bf5
Rf6 22. Qg4 Ne4 23. Bxe4 dxe4 24. Qg3 Qd7 25. b4 Rg6 26. Qh2
h6 27. b5 Ne7 28. Rxc7 Qxb5 29. Qe5 Qxe5 30. dxe5 Rb6 31. e6
fxe6 32. Bc3 a6 33. a4 Kf7 34. Bd4 Rb3 35. a5 Kg6 36. g4 Rb5
37. Rd7 e5 38. Bb6 Nc6 39. Rcd1 Re7 40. R7d6+ Kf7 41. h4 Re6
1/2-1/2

[Event "British Championship"]
[Site "Swansea WLS"]
[Date "2006.08.14"]
[EventDate "2006.08.07"]
[Round "8"]
[Result "1-0"]
[White "Gawain Jones"]
[Black "Nigel Rodney Davies"]
[WhiteElo "2416"]
[BlackElo "2512"]
[PlyCount "111"]

1. e4 e5 2. Nf3 Nc6 3. d4 exd4 4. Nxd4 Bb4+ 5. c3 Be7 6. Nxc6
bxc6 7. Bc4 Nf6 8. e5 Ne4 9. Qf3 d5 10. exd6 Nxd6 11. O-O Bb7
12. Ba6 Qd7 13. Bxb7 Nxb7 14. Rd1 Qe6 15. Bf4 Rc8 16. Nd2 O-O
17. Re1 Qf6 18. Qe3 Bc5 19. Ne4 Qf5 20. Nxc5 Nxc5 21. Bg3 a6
22. Qe5 Qxe5 23. Rxe5 Ne6 24. f4 g6 25. f5 gxf5 26. Rxf5 Rb8
27. b3 Rfd8 28. Raf1 Rd7 29. Ra5 Ra8 30. c4 Rd2 31. h4 Re2
32. Rf2 Re4 33. Rd2 Kf8 34. Rh5 Kg7 35. Rd7 Kg6 36. Ra5 h5
37. Rd1 f6 38. Re1 Rxe1+ 39. Bxe1 c5 40. Bf2 Kf5 41. Bxc5 Ke4
42. Bf2 f5 43. b4 Rd8 44. Rxa6 Nf4 45. Bg3 Ne2+ 46. Kf2 Nxg3
47. Kxg3 f4+ 48. Kh2 Rd2 49. Re6+ Kf5 50. Re7 c5 51. a3 Kg4
52. Rg7+ Kxh4 53. bxc5 Rc2 54. c6 Rxc4 55. c7 Rc2 56. Kg1 1-0

[Event "British Championship"]
[Site "Swansea WLS"]
[Date "2006.08.15"]
[EventDate "2006.08.07"]
[Round "9"]
[Result "1/2-1/2"]
[White "Andrew Greet"]
[Black "Gawain Jones"]
[WhiteElo "2431"]
[BlackElo "2416"]
[PlyCount "45"]

1. d4 d5 2. Nf3 Nc6 3. c4 Bg4 4. Nc3 e6 5. Bf4 dxc4 6. e3 Bd6
7. Bg3 Nf6 8. Bxc4 O-O 9. Bb5 Ne7 10. Be2 c6 11. O-O Bxf3
12. Bxf3 Ng6 13. Qb3 Bxg3 14. hxg3 Qe7 15. Ne4 Nxe4 16. Bxe4
a5 17. Rfc1 a4 18. Qc3 Qd6 19. Bxg6 hxg6 20. b4 axb3 21. axb3
Rfe8 22. f4 Qf8 23. b4 1/2-1/2

[Event "British Championship"]
[Site "Swansea WLS"]
[Date "2006.08.13"]
[EventDate "2006.08.07"]
[Round "7"]
[Result "1-0"]
[White "Gawain Jones"]
[Black "Peter T Roberson"]
[WhiteElo "2416"]
[BlackElo "2122"]
[PlyCount "67"]

1. d4 Nf6 2. c4 e6 3. Nc3 c5 4. d5 exd5 5. cxd5 d6 6. e4 g6
7. Bf4 a6 8. Nf3 b5 9. Qe2 Be7 10. e5 dxe5 11. Nxe5 O-O 12. d6
Bxd6 13. O-O-O Nh5 14. Bh6 Bf5 15. g4 Re8 16. gxf5 Qc7 17. f4
Nc6 18. Nd5 Qa5 19. Nxc6 Qxa2 20. Nde7+ Bxe7 21. Nxe7+ Kh8
22. Bg2 Rad8 23. Rxd8 Rxd8 24. Nd5 b4 25. Qe4 c4 26. Re1 Qa1+
27. Qb1 Qa5 28. fxg6 hxg6 29. f5 c3 30. fxg6 fxg6 31. bxc3
bxc3 32. Kc2 Qc5 33. Be3 Qd6 34. Qb6 1-0

[Event "British Championship"]
[Site "Swansea WLS"]
[Date "2006.08.17"]
[EventDate "2006.08.07"]
[Round "11"]
[Result "1-0"]
[White "Gawain Jones"]
[Black "Maxim L Devereaux"]
[WhiteElo "2416"]
[BlackElo "2377"]
[PlyCount "71"]

1. e4 c5 2. Nc3 Nc6 3. Bb5 Nd4 4. Bc4 e6 5. Nge2 a6 6. d3 Ne7
7. O-O b5 8. Bb3 Nec6 9. Nxd4 Nxd4 10. Be3 Be7 11. Qg4 h5
12. Qxg7 Bf6 13. Qg3 d6 14. Bxd4 cxd4 15. Ne2 h4 16. Qf3 Bb7
17. c3 dxc3 18. bxc3 Rc8 19. d4 Ke7 20. a4 bxa4 21. Rxa4 Qg8
22. Rb4 Ba8 23. Ra1 Qg6 24. Bc2 Qg5 25. h3 Rb8 26. Rxb8 Rxb8
27. Rxa6 Qd2 28. Ra7+ Rb7 29. Rxa8 Qxc2 30. e5 Qb1+ 31. Kh2
dxe5 32. Qc6 Bg7 33. Rg8 Kf6 34. Qf3+ Qf5 35. Qxb7 e4 36. Qc7
1-0

[Event "Hereford International"]
[Site "Hereford ENG"]
[Date "2006.08.29"]
[EventDate "2006.08.29"]
[Round "1"]
[Result "1/2-1/2"]
[White "James E Cobb"]
[Black "Gawain Jones"]
[WhiteElo "2370"]
[BlackElo "2416"]
[PlyCount "92"]

1. d4 Nf6 2. Nf3 c5 3. d5 b5 4. Bg5 Qb6 5. Bxf6 Qxf6 6. c3 d6
7. e4 a6 8. a4 b4 9. Be2 Nd7 10. O-O Rb8 11. Nfd2 bxc3
12. bxc3 g5 13. Nc4 Bg7 14. Ra3 Ne5 15. Nbd2 O-O 16. Qc2 Qg6
17. a5 f5 18. Nb6 Bb7 19. Ndc4 fxe4 20. Nxe5 Bxe5 21. Nd7 Bxd5
22. Nxb8 Rxb8 23. Bxa6 e3 24. Qxg6+ hxg6 25. fxe3 Rb2 26. Rd1
Rxg2+ 27. Kf1 Bf3 28. Bc4+ Kg7 29. Bd5 g4 30. Bxf3 gxf3
31. Rda1 Rxh2 32. R1a2 Rh3 33. Kf2 Bf6 34. a6 Bh4+ 35. Kg1 f2+
36. Rxf2 Bxf2+ 37. Kxf2 Rh8 38. Kf3 Kf6 39. a7 Ra8 40. Kf4 d5
41. Ra6+ e6 42. Ra3 g5+ 43. Kg4 Ke5 44. Ra6 Ke4 45. Rxe6+ Kd3
46. Rd6 Rxa7 1/2-1/2

[Event "Hereford International"]
[Site "Hereford ENG"]
[Date "2006.08.29"]
[EventDate "2006.08.29"]
[Round "2"]
[Result "1/2-1/2"]
[White "Iain Gourlay"]
[Black "Gawain Jones"]
[WhiteElo "2337"]
[BlackElo "2416"]
[PlyCount "56"]

1. Nf3 c5 2. g3 Nc6 3. c4 g6 4. Bg2 Bg7 5. Nc3 e5 6. O-O Nge7
7. Rb1 d6 8. a3 a5 9. d3 O-O 10. Ne1 Be6 11. Bg5 f6 12. Be3 b6
13. b4 axb4 14. axb4 Rb8 15. Nc2 Qd7 16. Bd2 f5 17. bxc5 bxc5
18. Ne3 Nd4 19. Ned5 Nxd5 20. cxd5 Bf7 21. e3 Nb5 22. Qa4 Be8
23. Qa5 Rb7 24. Qa6 Rf7 25. Rfc1 Nxc3 26. Bxc3 Ra7 27. Qb6 Rb7
28. Qa6 Ra7 1/2-1/2